Phytochemical profiling of salak (salacca zalacca) fruit flesh extracts through metabolomics approach and investigations of antidiabetic and antioxidant potential /
محفوظ في:
| المؤلف الرئيسي: | |
|---|---|
| التنسيق: | أطروحة |
| اللغة: | English |
| منشور في: |
Kuantan, Pahang :
Kulliyyah of Pharmacy, International Islamic University Malaysia,
2019
|
| الموضوعات: | |
| الوصول للمادة أونلاين: | Click here to view 1st 24 pages of the thesis. Members can view fulltext at the specified PCs in the library. |
| الوسوم: |
إضافة وسم
لا توجد وسوم, كن أول من يضع وسما على هذه التسجيلة!
|
| LEADER | 015860000a22002890004500 | ||
|---|---|---|---|
| 008 | 191029s2019 my a f m 000 0 eng d | ||
| 040 | |a UIAM |b eng |e rda | ||
| 041 | |a eng | ||
| 043 | |a a-my--- | ||
| 100 | 0 | |a Mohammed S. M. Saleh, |e author | |
| 245 | 1 | |a Phytochemical profiling of salak (salacca zalacca) fruit flesh extracts through metabolomics approach and investigations of antidiabetic and antioxidant potential / |c by Mohammed S. M. Saleh | |
| 264 | 1 | |a Kuantan, Pahang : |b Kulliyyah of Pharmacy, International Islamic University Malaysia, |c 2019 | |
| 300 | |a xvii, 258 leaves : |b illustrations ; |c 30cm. | ||
| 336 | |2 rdacontent |a text | ||
| 347 | |2 rdaft |a text file |b PDF | ||
| 502 | |a Thesis (Ph.D)--International Islamic University Malaysia, 2019. | ||
| 504 | |a Includes bibliographical references (leaves 192-220). | ||
| 596 | |a 1 6 | ||
| 655 | 7 | |a Theses, IIUM local | |
| 690 | |a Dissertations, Academic |x Kulliyyah of Pharmacy |z IIUM | ||
| 700 | 1 | |a Siddiqui, Mohammad Jamshed, |e degree supervisor | |
| 710 | 2 | |a International Islamic University Malaysia. |b Kulliyyah of Pharmacy | |
| 856 | 4 | |u http://studentrepo.iium.edu.my/handle/123456789/9529 |z Click here to view 1st 24 pages of the thesis. Members can view fulltext at the specified PCs in the library. | |
| 900 | |a sz to aaz | ||
| 999 | |c 440431 |d 471639 | ||
| 952 | |0 0 |6 XX(559345.10) |7 0 |8 THESES |9 762120 |a KIMC |b KIMC |c CLOSEACCES |g 0.00 |o XX(559345.10) |p 11100418027 |r 1900-01-02 |t 1 |v 0.00 |y THESIS | ||
| 952 | |0 0 |6 XX(559345.10) CD |7 7 |8 THESES |9 858760 |a IIUM |b IIUM |c MULTIMEDIA |g 0.00 |o XX(559345.10) CD |p 11100418028 |r 1900-01-02 |t 1 |v 0.00 |y THESISDIG | ||
